[Event "Acqui Terme Collino op 2nd"]
[Site "Acqui Terme"]
[Date "2017.11.05"]
[Round "4"]
[White "Briata, Nicolo"]
[Black "Beccaris, Gabriele"]
[Result "1/2-1/2"]
[WhiteElo "1639"]
[BlackElo "2001"]
[PlyCount "76"]
[EventDate "2017.11.03"]
[EventType "swiss"]
[EventRounds "5"]
[EventCountry "ITA"]
[SourceTitle "CBM 181 Extra"]
[Source "ChessBase"]
[SourceDate "2017.12.12"]
[SourceVersion "1"]
[SourceVersionDate "2017.12.12"]
[SourceQuality "1"]

1. e4 d6 2. d4 Nf6 3. Nc3 e5 4. Nf3 exd4 5. Nxd4 Be7 6. Bc4 0-0 7. Be3 Nxe4 8. Nxe4 d5 9. Bd3 dxe4 10. Bxe4 Nd7 11. 0-0 Re8 12. Re1 Bf6 13. Bf3 Ne5 14. Be2 Bd7 15. c3 c5 16. Nf3 b6 17. Nxe5 Bxe5 18. Bf3 Rc8 19. Qc2 Bc6 20. Bxc6 Rxc6 21. Rad1 Qc7 22. g3 Rce6 23. Qa4 Bd6 24. Re2 R8e7 25. Red2 h6 26. Rd5 Kh7 27. Qc2+ g6 28. Qd2 Be5 29. Bxh6 Bg7 30. Be3 Qc6 31. Qc2 a5 32. c4 Re8 33. a4 R8e7 34. b3 Be5 35. Qd3 Bc7 36. Qf1 Be5 37. Qh3+ Kg8 38. Qg2 Re8 1/2-1/2

[Event "Acqui Terme Collino op 2nd"]
[Site "Acqui Terme"]
[Date "2017.11.04"]
[Round "3"]
[White "Beccaris, Gabriele"]
[Black "Baldizzone, Mario"]
[Result "0-1"]
[WhiteElo "2001"]
[BlackElo "2098"]
[PlyCount "86"]
[EventDate "2017.11.03"]
[EventType "swiss"]
[EventRounds "5"]
[EventCountry "ITA"]
[SourceTitle "CBM 181 Extra"]
[Source "ChessBase"]
[SourceDate "2017.12.12"]
[SourceVersion "1"]
[SourceVersionDate "2017.12.12"]
[SourceQuality "1"]

1. e4 e5 2. Nf3 Nc6 3. d4 exd4 4. Nxd4 Bb4+ 5. c3 Bc5 6. Be3 Bb6 7. Bc4 Nf6 8. Nd2 0-0 9. 0-0 Re8 10. Re1 Ne5 11. Be2 Ng6 12. Bd3 d5 13. Bg5 c5 14. N4f3 Bg4 15. exd5 Qxd5 16. Bc4 Bxf3 17. Rxe8+ Rxe8 18. Bxf6 Bxd1 19. Bxd5 Re1+ 20. Nf1 gxf6 21. Bf3 Bxf3 22. Rxe1 Bd5 23. b3 Kf8 24. c4 Be6 25. Nd2 Ba5 26. Rd1 Bf5 27. Nf3 Nf4 28. Nh4 Ne2+ 29. Kf1 Nc3 30. Rd2 Be6 31. f4 f5 32. g3 a6 33. Nf3 f6 34. Ne1 Ke7 35. Nd3 Ne4 36. Rc2 b6 37. Kg2 Bc3 38. a3 Kd6 39. Rc1 b5 40. Nf2 Bd4 41. Nd3 bxc4 42. bxc4 Nd2 43. Rc2 Nxc4 0-1

[Event "Acqui Terme Collino op 2nd"]
[Site "Acqui Terme"]
[Date "2017.11.04"]
[Round "2"]
[White "Mrdja, Milan"]
[Black "Beccaris, Gabriele"]
[Result "1-0"]
[WhiteElo "2284"]
[BlackElo "2001"]
[PlyCount "97"]
[EventDate "2017.11.03"]
[EventType "swiss"]
[EventRounds "5"]
[EventCountry "ITA"]
[SourceTitle "CBM 181 Extra"]
[Source "ChessBase"]
[SourceDate "2017.12.12"]
[SourceVersion "1"]
[SourceVersionDate "2017.12.12"]
[SourceQuality "1"]

1. e4 d6 2. d4 Nf6 3. f3 c6 4. Nc3 g6 5. Be3 Bg7 6. Qd2 0-0 7. g4 Re8 8. 0-0-0 b5 9. h4 h5 10. gxh5 Nxh5 11. Nce2 Nd7 12. Nh3 e5 13. Bg5 Qc7 14. d5 c5 15. Rg1 c4 16. Ng3 Nxg3 17. Rxg3 Nf6 18. Bxf6 Bxf6 19. h5 Kg7 20. Nf2 Rh8 21. hxg6 fxg6 22. Bh3 Bxh3 23. Nxh3 Bh4 24. Rg4 Raf8 25. Rdg1 Rh6 26. f4 Bf6 27. Qg2 Qf7 28. f5 Rfh8 29. Ng5 Bxg5+ 30. Rxg5 Kf8 31. fxg6 Qf4+ 32. Kd1 Kg7 33. Rf1 Qe3 34. Rgf5 Rg8 35. Rf7+ Kh8 36. Rf8 Qh3 37. Qxh3 Rxh3 38. R8f6 Kg7 39. Rxd6 Re3 40. Rf7+ Kh6 41. g7+ Kh7 42. Rxa7 Rxe4 43. Rdd7 b4 44. Rab7 c3 45. bxc3 bxc3 46. Rbc7 Re3 47. a4 Rb8 48. Rb7 Ra8 49. Rb4 1-0

[Event "Porto Mannu op 9th"]
[Site "Porto Mannu"]
[Date "2017.06.07"]
[Round "6"]
[White "Beccaris, Gabriele"]
[Black "Heinig, Wolfram"]
[Result "0-1"]
[WhiteElo "2025"]
[BlackElo "2309"]
[PlyCount "74"]
[EventDate "2017.06.03"]
[EventType "swiss"]
[EventRounds "9"]
[EventCountry "ITA"]
[SourceTitle "CBM 178 Extra"]
[Source "ChessBase"]
[SourceDate "2017.06.22"]
[SourceVersion "1"]
[SourceVersionDate "2017.06.22"]
[SourceQuality "1"]

1. e4 c6 2. d4 d5 3. exd5 cxd5 4. c4 Nf6 5. Nc3 e6 6. Nf3 Be7 7. Bd3 dxc4 8. Bxc4 0-0 9. 0-0 Nc6 10. Bg5 a6 11. a4 Bd7 12. Qd2 Rc8 13. d5 Na5 14. Ba2 h6 15. dxe6 Bxe6 16. Bxe6 fxe6 17. Bh4 Qxd2 18. Nxd2 Nc4 19. Nxc4 Rxc4 20. Bg3 Rd8 21. Rfd1 Kf7 22. Kf1 Nd5 23. Nxd5 Rxd5 24. Rxd5 exd5 25. b3 Rc3 26. Rb1 Bf6 27. Ke2 Ke6 28. Kd2 d4 29. a5 Kd5 30. b4 Kc4 31. Bd6 d3 32. Ke3 Bd4+ 33. Ke4 Bxf2 34. b5 Rc2 35. bxa6 bxa6 36. Rb8 d2 37. Rc8+ Kb3 0-1

[Event "Porto Mannu op 9th"]
[Site "Porto Mannu"]
[Date "2017.06.06"]
[Round "5"]
[White "Sonis, Francesco"]
[Black "Beccaris, Gabriele"]
[Result "1-0"]
[WhiteElo "2450"]
[BlackElo "2025"]
[PlyCount "71"]
[EventDate "2017.06.03"]
[EventType "swiss"]
[EventRounds "9"]
[EventCountry "ITA"]
[SourceTitle "CBM 178 Extra"]
[Source "ChessBase"]
[SourceDate "2017.06.22"]
[SourceVersion "1"]
[SourceVersionDate "2017.06.22"]
[SourceQuality "1"]

1. Nf3 g6 2. d4 Nf6 3. g3 Bg7 4. Bg2 0-0 5. 0-0 d5 6. c4 e6 7. Nc3 b6 8. b3 Bb7 9. Bb2 Nbd7 10. Rc1 Rc8 11. cxd5 Nxd5 12. Nb5 Ne7 13. Ne5 Bxg2 14. Kxg2 Nxe5 15. dxe5 c5 16. Rc2 Qxd1 17. Rxd1 Nc6 18. f4 Rfd8 19. Rcd2 a6 20. Nc3 Rxd2 21. Rxd2 Rd8 22. Rxd8+ Nxd8 23. Na4 c4 24. bxc4 b5 25. cxb5 axb5 26. Nc3 b4 27. Ne4 Nc6 28. Kf3 Na5 29. Nd2 Bf8 30. Ke4 h6 31. Nb3 Nc4 32. Bd4 Kg7 33. Kd3 Na3 34. Bc5 Bxc5 35. Nxc5 Nb5 36. Na6 1-0

[Event "Recco op 6th"]
[Site "Recco"]
[Date "2012.10.28"]
[Round "4"]
[White "Abdel Gawad, Shaban"]
[Black "Beccaris, Gabriele"]
[Result "0-1"]
[WhiteElo "2080"]
[BlackElo "2026"]
[PlyCount "70"]
[EventDate "2012.10.26"]
[EventType "swiss"]
[EventRounds "5"]
[EventCountry "ITA"]
[SourceTitle "EXT 2014"]
[Source "ChessBase"]
[SourceDate "2013.11.20"]
[SourceVersion "1"]
[SourceVersionDate "2013.11.20"]
[SourceQuality "1"]

1. d4 Nf6 2. Bg5 Ne4 3. Bf4 c5 4. f3 Qa5+ 5. c3 Nf6 6. d5 Qb6 7. Bc1 d6 8. e4 g6 9. Na3 a6 10. Nc4 Qc7 11. a4 Bg7 12. Ne2 0-0 13. g4 Nfd7 14. Ng3 Nb6 15. Ne3 e5 16. h4 h6 17. a5 N6d7 18. c4 b5 19. b3 b4 20. Ra2 Kh7 21. Bd3 Kg8 22. Bd2 Kh7 23. Qc1 Rh8 24. h5 g5 25. Ngf5 Nf6 26. Qa1 Re8 27. Bc1 Ra7 28. Rg2 Qd8 29. Bb2 Ng8 30. Kd2 f6 31. Kc2 Ne7 32. Nxg7 Kxg7 33. f4 gxf4 34. Nf5+ Nxf5 35. Bxe5 dxe5 0-1

[Event "Recco op 6th"]
[Site "Recco"]
[Date "2012.10.26"]
[Round "1"]
[White "Ciccarelli, Marco"]
[Black "Beccaris, Gabriele"]
[Result "0-1"]
[WhiteElo "1843"]
[BlackElo "2026"]
[PlyCount "50"]
[EventDate "2012.10.26"]
[EventType "swiss"]
[EventRounds "5"]
[EventCountry "ITA"]
[SourceTitle "EXT 2014"]
[Source "ChessBase"]
[SourceDate "2013.11.20"]
[SourceVersion "1"]
[SourceVersionDate "2013.11.20"]
[SourceQuality "1"]

1. e4 d6 2. d4 Nf6 3. Nc3 e5 4. Nf3 exd4 5. Nxd4 Be7 6. Be2 0-0 7. 0-0 Re8 8. f4 Bf8 9. Bf3 c6 10. Kh1 Nbd7 11. Nf5 Nc5 12. Ng3 Qc7 13. a4 Be6 14. Qe2 Rad8 15. Be3 d5 16. Qf2 Ncxe4 17. Ncxe4 dxe4 18. Nxe4 Nxe4 19. Bxe4 Bc4 20. Bd3 Bxd3 21. cxd3 Rxd3 22. Bxa7 Qd7 23. Rae1 Ra8 24. Bc5 Rd2 25. Qe3 Qd5 0-1

[Event "Biella op 3rd"]
[Site "Biella"]
[Date "2012.09.30"]
[Round "5"]
[White "Ubezio, Marco"]
[Black "Beccaris, Gabriele"]
[Result "1-0"]
[WhiteElo "2132"]
[BlackElo "2042"]
[PlyCount "85"]
[EventDate "2012.09.28"]
[EventType "swiss"]
[EventRounds "9"]
[EventCountry "ITA"]
[SourceTitle "EXT 2013"]
[Source "ChessBase"]
[SourceDate "2012.11.22"]
[SourceVersion "1"]
[SourceVersionDate "2012.11.22"]
[SourceQuality "1"]

1. e4 d6 2. d4 Nf6 3. Nc3 e5 4. dxe5 dxe5 5. Qxd8+ Kxd8 6. Bc4 Be6 7. Bxe6 fxe6 8. Be3 Bb4 9. Nge2 Nxe4 10. 0-0-0+ Nd6 11. Ne4 Ke7 12. Bg5+ Kf7 13. N2g3 h6 14. Bd2 Bxd2+ 15. Rxd2 Rd8 16. Rhd1 Ke7 17. f3 Nc6 18. Nc5 b6 19. Na6 Ne8 20. c3 Rxd2 21. Rxd2 Rd8 22. Re2 Rd7 23. b4 Nd6 24. a4 Nf7 25. Ne4 Kd8 26. Nd2 Ne7 27. Nc4 Nd5 28. Kc2 Nf4 29. Rf2 Nd3 30. Rf1 Kc8 31. b5 Nf4 32. Kb3 Nxg2 33. Rg1 Nh4 34. Rxg7 Nxf3 35. Nb4 e4 36. Nc6 e3 37. Nxe3 N3e5 38. Rg8+ Rd8 39. Rxd8+ Nxd8 40. Nxe5 Kb7 41. N3g4 h5 42. Nf6 h4 43. Ng6 1-0

[Event "Condino op 12th"]
[Site "Condino"]
[Date "2012.07.25"]
[Round "4"]
[White "Licandro, Michele"]
[Black "Beccaris, Gabriele"]
[Result "0-1"]
[WhiteElo "1577"]
[BlackElo "2042"]
[PlyCount "58"]
[EventDate "2012.07.22"]
[EventType "swiss"]
[EventRounds "7"]
[EventCountry "ITA"]
[SourceTitle "CBM 149 Extra"]
[Source "ChessBase"]
[SourceDate "2012.08.24"]
[SourceVersion "1"]
[SourceVersionDate "2012.08.24"]
[SourceQuality "1"]

1. e4 c5 2. Nf3 a6 3. d3 Nc6 4. Be3 e6 5. a3 d5 6. exd5 exd5 7. d4 cxd4 8. Nxd4 Nf6 9. Bd3 Bd6 10. Nf5 Bxf5 11. Bxf5 0-0 12. 0-0 h6 13. c3 Re8 14. Qd3 Ne5 15. Qc2 Nfg4 16. Bxg4 Nxg4 17. g3 Nxe3 18. fxe3 Bc5 19. Qf5 Re7 20. Rd1 Bxe3+ 21. Kg2 d4 22. cxd4 Bxd4 23. Nc3 Qb6 24. Na4 Qc6+ 25. Kh3 Qxa4 26. Qf4 Rd8 27. b3 Qd7+ 28. Kg2 Re2+ 29. Kf3 Rf2+ 0-1

[Event "Condino op"]
[Site "Condino"]
[Date "2009.07.31"]
[Round "6"]
[White "Beccaris, Gabriele"]
[Black "Pipitone, Antonio"]
[Result "1-0"]
[WhiteElo "2037"]
[BlackElo "2061"]
[PlyCount "87"]
[EventDate "2009.07.27"]
[EventType "swiss"]
[EventRounds "7"]
[EventCountry "ITA"]
[SourceTitle "CBM 131 Extra"]
[Source "ChessBase"]
[SourceDate "2009.09.03"]
[SourceVersion "2"]
[SourceVersionDate "2009.09.16"]
[SourceQuality "1"]

1. e4 c5 2. c3 Nf6 3. e5 Nd5 4. d4 cxd4 5. cxd4 Nc6 6. Nf3 d6 7. Be2 e6 8. 0-0 Be7 9. Nbd2 Nf4 10. Bb5 dxe5 11. Nxe5 Qd5 12. Bxc6+ bxc6 13. Ndf3 Ng6 14. Be3 f6 15. Nd3 Ba6 16. Re1 e5 17. Nc5 Bxc5 18. dxc5 Ne7 19. Qa4 Bb5 20. Qg4 f5 21. Qxg7 Rg8 22. Qxh7 Bd3 23. Bg5 Rxg5 24. Nxg5 e4 25. Rad1 Kd7 26. Qf7 Rg8 27. h4 Rg6 28. b4 Qxf7 29. Nxf7 Re6 30. f3 Nd5 31. Ng5 Rh6 32. fxe4 fxe4 33. Nxe4 Bc4 34. g3 Bxa2 35. Rd2 Bc4 36. Rc1 Bb5 37. Nc3 Bc4 38. Rd4 Bb3 39. Rb1 Bc2 40. Rb2 Bh7 41. Nxd5 cxd5 42. Rxd5+ Kc7 43. Ra2 a6 44. Rd6 1-0

[Event "Condino op"]
[Site "Condino"]
[Date "2009.07.29"]
[Round "4"]
[White "De Santis, Alessio"]
[Black "Beccaris, Gabriele"]
[Result "1-0"]
[WhiteElo "2293"]
[BlackElo "2037"]
[PlyCount "63"]
[EventDate "2009.07.27"]
[EventType "swiss"]
[EventRounds "7"]
[EventCountry "ITA"]
[SourceTitle "CBM 131 Extra"]
[Source "ChessBase"]
[SourceDate "2009.09.03"]
[SourceVersion "2"]
[SourceVersionDate "2009.09.16"]
[SourceQuality "1"]

1. f4 d5 2. d3 Nf6 3. Nf3 e6 4. g3 b6 5. Bg2 Bb7 6. c3 c5 7. 0-0 Be7 8. a4 0-0 9. h3 Qc7 10. Qe1 Nbd7 11. g4 Bd6 12. Qg3 e5 13. fxe5 Nxe5 14. Nxe5 Bxe5 15. Bf4 Bxf4 16. Qxf4 Qxf4 17. Rxf4 Rfe8 18. Kf2 Re7 19. Nd2 Rae8 20. Re1 Kf8 21. Bf3 h6 22. Nf1 Nd7 23. d4 c4 24. Ng3 g6 25. h4 Kg7 26. g5 f5 27. gxh6+ Kxh6 28. h5 Nf6 29. hxg6 Ne4+ 30. Bxe4 fxe4 31. Nf5+ Kxg6 32. Rg1+ 1-0

[Event "Porto Mannu op"]
[Site "Porto Mannu"]
[Date "2009.05.20"]
[Round "6"]
[White "Miedema, David"]
[Black "Beccaris, Gabriele"]
[Result "1-0"]
[WhiteElo "2370"]
[BlackElo "2048"]
[PlyCount "55"]
[EventDate "2009.05.16"]
[EventType "swiss"]
[EventRounds "9"]
[EventCountry "ITA"]
[SourceTitle "CBM 130 Extra"]
[Source "ChessBase"]
[SourceDate "2009.07.02"]
[SourceVersion "2"]
[SourceVersionDate "2009.07.15"]
[SourceQuality "1"]

1. d4 Nf6 2. c4 e6 3. Nc3 Bb4 4. Qc2 b6 5. e4 Bxc3+ 6. bxc3 d6 7. Bd3 e5 8. Ne2 0-0 9. 0-0 Ba6 10. Bg5 Nbd7 11. f4 Qe8 12. fxe5 dxe5 13. Rf5 Qe6 14. Bxf6 gxf6 15. Raf1 Bxc4 16. d5 Bxd3 17. Qxd3 Qd6 18. Rh5 Rfe8 19. Qg3+ Kf8 20. Rxh7 Ke7 21. Qg7 Rf8 22. Ng3 Qc5+ 23. Kh1 Kd8 24. Rh8 Re8 25. Rxf6 Nxf6 26. Qxf6+ Qe7 27. Rxe8+ Kxe8 28. Qc6+ 1-0

[Event "Senigallia Perini Memorial"]
[Site "Senigallia"]
[Date "2007.05.31"]
[Round "6"]
[White "Rago, Riccardo"]
[Black "Beccaris, Gabriele"]
[Result "0-1"]
[WhiteElo "2062"]
[BlackElo "2046"]
[PlyCount "104"]
[EventDate "2007.05.28"]
[EventType "swiss"]
[EventRounds "9"]
[EventCountry "ITA"]
[SourceTitle "CBM 118 Extra"]
[Source "ChessBase"]
[SourceDate "2007.07.04"]
[SourceVersion "1"]
[SourceVersionDate "2007.07.04"]
[SourceQuality "1"]

1. e4 c5 2. Nf3 a6 3. d4 cxd4 4. Nxd4 Nf6 5. Nc3 e5 6. Nb3 Bb4 7. Bd3 d5 8. exd5 Qxd5 9. 0-0 Bxc3 10. bxc3 0-0 11. Ba3 Re8 12. Re1 e4 13. Bxe4 Qxd1 14. Raxd1 Nxe4 15. Rxe4 Be6 16. Nd4 Nc6 17. Rde1 Nd8 18. f4 b6 19. Nxe6 Rxe6 20. Kf2 Rc8 21. f5 Rxe4 22. Rxe4 Nc6 23. Bd6 f6 24. Ke2 Kf7 25. g4 g6 26. Rc4 gxf5 27. gxf5 b5 28. Rh4 Kg7 29. Rg4+ Kf7 30. Rh4 Kg7 31. a4 Na5 32. axb5 axb5 33. Bb4 Nc4 34. Re4 Rd8 35. Re7+ Kg8 36. Kf3 Rd2 37. h3 Rxc2 38. Rb7 Ne5+ 39. Ke4 Rh2 40. Kd5 Rxh3 41. Ke6 Nc6 42. Kxf6 Rh6+ 43. Kg5 Rh1 44. Rxb5 h5 45. Rb6 Ne5 46. Rb7 h4 47. Re7 Nc6 48. Re8+ Kh7 49. Re4 h3 50. Rh4+ Kg8 51. Bd6 Rd1 52. Be5 Nxe5 0-1

[Event "Bratto op 26th"]
[Site "Bratto"]
[Date "2006.08.26"]
[Round "8"]
[White "Beccaris, Gabriele"]
[Black "Miatello, Alberto"]
[Result "1-0"]
[WhiteElo "2025"]
[BlackElo "2082"]
[PlyCount "85"]
[EventDate "2006.08.19"]
[EventType "swiss"]
[EventRounds "9"]
[EventCountry "ITA"]
[SourceTitle "CBM 113 Extra"]
[Source "ChessBase"]
[SourceDate "2006.09.14"]
[SourceVersion "1"]
[SourceVersionDate "2006.09.14"]
[SourceQuality "1"]

1. e4 c5 2. c3 d5 3. exd5 Nf6 4. d4 Nxd5 5. Nf3 e6 6. Be2 Qc7 7. 0-0 Be7 8. Na3 Nc6 9. c4 Nf4 10. d5 Nxe2+ 11. Qxe2 Nb4 12. Nb5 Qb8 13. a3 Na6 14. g3 Bd7 15. Bf4 Qc8 16. Nd6+ Bxd6 17. Bxd6 f6 18. Rfe1 Kf7 19. Rad1 Re8 20. Qd3 Kg8 21. Nd2 e5 22. b4 Bf5 23. Ne4 b6 24. b5 Qd7 25. bxa6 Bxe4 26. Rxe4 Qxd6 27. Rde1 f5 28. R4e2 g6 29. a4 Re7 30. Qa3 Rb8 31. Rb1 e4 32. Rb5 f4 33. gxf4 Qxf4 34. Qg3 Qc1+ 35. Kg2 Rf8 36. d6 Re6 37. d7 Qxc4 38. Rd2 Rd8 39. Qc7 e3 40. Qxd8+ Kf7 41. Qg5 exd2 42. d8Q Qe4+ 43. Kg3 1-0

[Event "Bratto op 26th"]
[Site "Bratto"]
[Date "2006.08.21"]
[Round "3"]
[White "Temi, Walter"]
[Black "Beccaris, Gabriele"]
[Result "1-0"]
[WhiteElo "2105"]
[BlackElo "2025"]
[PlyCount "59"]
[EventDate "2006.08.19"]
[EventType "swiss"]
[EventRounds "9"]
[EventCountry "ITA"]
[SourceTitle "CBM 113 Extra"]
[Source "ChessBase"]
[SourceDate "2006.09.14"]
[SourceVersion "1"]
[SourceVersionDate "2006.09.14"]
[SourceQuality "1"]

1. e4 c5 2. Nf3 e6 3. c3 d5 4. e5 Nc6 5. d4 Nge7 6. Bd3 Ng6 7. h4 cxd4 8. cxd4 Bb4+ 9. Kf1 Be7 10. h5 Nf8 11. Nc3 f6 12. h6 g6 13. exf6 Bxf6 14. Bf4 a6 15. Qe2 Nxd4 16. Nxd4 Bxd4 17. Be5 Bxc3 18. bxc3 Rg8 19. g3 Nd7 20. Bd4 Nf6 21. Kg2 Kf7 22. Rh4 Rf8 23. Rf4 Ke8 24. Qe5 Nd7 25. Qxe6+ Qe7 26. Re1 Qxe6 27. Rxe6+ Kd8 28. Bb6+ Nxb6 29. Rxf8+ Kc7 30. Rf7+ 1-0

[Event "Asti Alfieri Memorial 1st"]
[Site "Asti"]
[Date "2006.02.05"]
[Round "5"]
[White "Roversi, Stefano"]
[Black "Beccaris, Gabriele"]
[Result "0-1"]
[WhiteElo "1885"]
[BlackElo "2046"]
[PlyCount "120"]
[EventDate "2006.02.02"]
[EventType "swiss"]
[EventRounds "6"]
[EventCountry "ITA"]
[SourceTitle "CBM 110 Extra"]
[Source "ChessBase"]
[SourceDate "2006.03.10"]
[SourceVersion "2"]
[SourceVersionDate "2006.03.10"]
[SourceQuality "1"]

1. e4 c5 2. Nf3 a6 3. d4 cxd4 4. Nxd4 Nf6 5. Nc3 e5 6. Nb3 Bb4 7. Bd2 Bxc3 8. Bxc3 d6 9. Bd3 0-0 10. 0-0 Nc6 11. f4 b5 12. f5 d5 13. exd5 Qxd5 14. Be2 Qe4 15. Qd3 Qxd3 16. Bxd3 e4 17. Be2 Nd5 18. Bd2 Ncb4 19. c4 bxc4 20. Bxc4 e3 21. Be1 a5 22. a3 Nb6 23. Bb5 Nc2 24. Rc1 Nxe1 25. Rcxe1 Ba6 26. Bxa6 Rxa6 27. Nc5 Ra7 28. Rxe3 Nc4 29. Re2 Rb8 30. Rd1 h6 31. Rd7 Rxd7 32. Nxd7 Rd8 33. Nc5 Rd5 34. Re8+ Kh7 35. Ne4 Rxf5 36. Ng3 Rb5 37. Re7 Kg6 38. b4 axb4 39. axb4 Rxb4 40. h4 Nd2 41. h5+ Kf6 42. Rd7 Ne4 43. Rd3 Nxg3 44. Rxg3 Rh4 45. Rf3+ Ke6 46. Re3+ Kf5 47. Rf3+ Rf4 48. Rg3 Rg4 49. Rf3+ Ke6 50. Re3+ Kf6 51. Rf3+ Ke7 52. Re3+ Kf8 53. Re5 Rg5 54. Rxg5 hxg5 55. Kf2 Ke7 56. Kg3 f5 57. Kf3 Kf6 58. g4 Ke5 59. gxf5 Kxf5 60. Kg3 g4 0-1

[Event "Arvier op 2nd"]
[Site "Arvier"]
[Date "2005.04.25"]
[Round "9"]
[White "Bisignano, Giuseppe"]
[Black "Beccaris, Gabriele"]
[Result "0-1"]
[WhiteElo "1956"]
[BlackElo "2091"]
[PlyCount "72"]
[EventDate "2005.04.18"]
[EventType "swiss"]
[EventRounds "9"]
[EventCountry "ITA"]
[SourceTitle "CBM 105 Extra"]
[Source "ChessBase"]
[SourceDate "2005.05.01"]
[SourceVersion "1"]
[SourceVersionDate "2005.05.01"]
[SourceQuality "1"]

1. e4 c5 2. Nf3 a6 3. Nc3 e6 4. g3 d5 5. exd5 exd5 6. d4 c4 7. Bg2 Nf6 8. 0-0 Be7 9. Re1 0-0 10. h3 b5 11. Bg5 Ra7 12. Ne5 Be6 13. Ne2 Ne4 14. Bxe7 Rxe7 15. Nf4 f5 16. f3 Nxg3 17. Kh2 Nh5 18. Nxh5 f4 19. Rg1 Qe8 20. Nxf4 Rxf4 21. Qd2 Qf8 22. a4 b4 23. a5 Rc7 24. Bf1 Nc6 25. Nxc6 Rxc6 26. Re1 Rxf3 27. Bg2 Rf2 28. Qg5 h6 29. Qe3 Rxc2 30. Rgf1 Qd8 31. Kh1 Bf7 32. Rf5 Rf6 33. Re5 Rff2 34. Bf3 Rh2+ 35. Kg1 Rxh3 36. Bxd5 Rxe3 0-1

[Event "Cortina d'Ampezzo op 2nd"]
[Site "Cortina d'Ampezzo"]
[Date "2004.07.??"]
[Round "2"]
[White "Beccaris, Gabriele"]
[Black "Ricci, Alfredo"]
[Result "1-0"]
[WhiteElo "2081"]
[BlackElo "2002"]
[PlyCount "41"]
[EventDate "2004.07.11"]
[EventType "swiss"]
[EventRounds "7"]
[EventCountry "ITA"]
[SourceTitle "CBM 101 Extra"]
[Source "ChessBase"]
[SourceDate "2004.09.01"]
[SourceVersion "2"]
[SourceVersionDate "2004.09.01"]
[SourceQuality "1"]

1. e4 c5 2. c3 d5 3. exd5 Qxd5 4. d4 e5 5. Nf3 Nc6 6. dxe5 Qxd1+ 7. Kxd1 Bg4 8. Be2 0-0-0+ 9. Nbd2 Bxf3 10. Bxf3 Nxe5 11. Kc2 Nf6 12. h3 c4 13. Be2 Nd3 14. Nxc4 Nxf2 15. Re1 Bc5 16. b4 Bd6 17. Be3 Bg3 18. Bxa7 Rhe8 19. Bf3 N2e4 20. Red1 Nd5 21. Rxd5 1-0

[Event "Cortina d'Ampezzo op 2nd"]
[Site "Cortina d'Ampezzo"]
[Date "2004.07.??"]
[Round "1"]
[White "Drazic, Sinisa"]
[Black "Beccaris, Gabriele"]
[Result "1-0"]
[WhiteElo "2461"]
[BlackElo "2081"]
[PlyCount "83"]
[EventDate "2004.07.11"]
[EventType "swiss"]
[EventRounds "7"]
[EventCountry "ITA"]
[SourceTitle "CBM 101 Extra"]
[Source "ChessBase"]
[SourceDate "2004.09.01"]
[SourceVersion "2"]
[SourceVersionDate "2004.09.01"]
[SourceQuality "1"]

1. c4 Nf6 2. Nc3 d5 3. cxd5 Nxd5 4. g3 b6 5. Bg2 Bb7 6. Qa4+ Bc6 7. Qb3 Nxc3 8. Bxc6+ Nxc6 9. dxc3 e6 10. Nf3 Qd5 11. Bf4 Qxb3 12. axb3 0-0-0 13. b4 Rd5 14. e4 Rb5 15. Bd2 a5 16. Ke2 axb4 17. Ra8+ Kb7 18. Re8 g6 19. cxb4 Bg7 20. Rxh8 Bxh8 21. Bc3 Bxc3 22. bxc3 Ne7 23. Rd1 Kc8 24. Kd3 Rh5 25. h4 f5 26. e5 h6 27. Nd4 Kd7 28. b5 g5 29. hxg5 hxg5 30. Kc4 Nd5 31. Nxf5 exf5 32. Kxd5 Rh6 33. c4 c6+ 34. bxc6+ Rxc6 35. Rh1 Rc5+ 36. Kd4 Ra5 37. Rh7+ Ke8 38. e6 f4 39. gxf4 gxf4 40. f3 b5 41. Ke5 bxc4+ 42. Kf6 1-0

[Event "Aosta op 12th"]
[Site "Saint Vincent"]
[Date "2004.02.08"]
[Round "1"]
[White "Roiz, Michael"]
[Black "Beccaris, Gabriele"]
[Result "1-0"]
[WhiteElo "2544"]
[BlackElo "2066"]
[PlyCount "43"]
[EventDate "2004.02.08"]
[EventType "swiss"]
[EventRounds "9"]
[EventCountry "ITA"]
[SourceTitle "CBM 098 Extra"]
[Source "ChessBase"]
[SourceDate "2004.03.10"]
[SourceVersion "2"]
[SourceVersionDate "2004.03.10"]
[SourceQuality "1"]

1. Nf3 Nf6 2. c4 c5 3. Nc3 d5 4. cxd5 Nxd5 5. e3 e6 6. d4 cxd4 7. exd4 Nc6 8. Bc4 Bb4 9. Qd3 0-0 10. 0-0 Re8 11. Re1 Nb6 12. Bb3 Bf8 13. a3 g6 14. Bg5 Be7 15. h4 Bd7 16. d5 Bxg5 17. Nxg5 exd5 18. Nxd5 Bf5 19. Rxe8+ Qxe8 20. Nf6+ Kh8 21. Qc3 Qf8 22. Nxf7+ 1-0